Đang tải...

Here's help

Chi tiết về thư mục
Tác giả chính: Kopmeyer, M R
Định dạng: Printed Book
Được phát hành: Universal Book Stall: New Delhi 1990
Những chủ đề:
LEADER 00510nam a2200193 4500
020 |a 818527469x  |c 35 
082 |a 658.08 KOP 
100 |a Kopmeyer, M R 
245 |a Here's help  |c Kopmeyer, M R 
250
260 |a Universal Book Stall: New Delhi  |c 1990 
300 |a 324 p 
490
500
590
650 |a General management 
942 |c BK 
999 |c 133221  |d 133221 
952 |0 0  |1 0  |4 0  |6 658_080000000000000_KOP  |7 0  |9 146681  |a IMK  |b IMK  |g 35.00  |l 0  |o 658.08 KOP  |p IMK00318  |r 2019-10-25  |w 2019-10-25  |y BK